<?xml version="1.0" encoding="UTF-8"?>
<collection xmlns="http://www.loc.gov/MARC21/slim">
  <record>
    <leader>00000nam  2200000   4500</leader>
    <datafield tag="247" ind1="#" ind2="#">
      <subfield code="a"/>
    </datafield>
    <datafield tag="856" ind1="#" ind2="#">
      <subfield code="a"/>
    </datafield>
    <datafield tag="700" ind1=" " ind2="#">
      <subfield code="a"/>
    </datafield>
    <datafield tag="650" ind1=" " ind2="#">
      <subfield code="a">Stunting</subfield>
    </datafield>
    <datafield tag="520" ind1=" " ind2="#">
      <subfield code="a">Untuk mencapai indikator-indikator intervensi kepada keluarga berisiko stunting diatas, maka data keluarga beresiko stunting harus menjadi based line data yang digunakan oleh seluruh lintas sektor terkait dalam memberikan intervensi, namun kenyataanya pada implementasi dilapangan, masih menghadapi beberapa kendala untuk mencapai target indikator tersebut. Hal ini dikarenakan belum optimalnya pemanfaatan data keluarga beresiko stunting dan belum terintegrasinya intervensi yang diberikan oleh lintas sektor kepada keluarga beresiko stunting dengan data keluarga beresiko stunting, sehingga intervensi yang diberikan belum dapat sasaran dan validitas data dalam mencapai indikator-indikator belum optimal.</subfield>
    </datafield>
    <datafield tag="321" ind1="#" ind2="#">
      <subfield code="a"/>
    </datafield>
    <datafield tag="310" ind1="#" ind2="#">
      <subfield code="a"/>
    </datafield>
    <datafield tag="300" ind1="#" ind2="#">
      <subfield code="a">110 hlm. :</subfield>
      <subfield code="b">ill. ;</subfield>
      <subfield code="c">30 cm</subfield>
      <subfield code="e"/>
    </datafield>
    <datafield tag="260" ind1="#" ind2="#">
      <subfield code="a">Jakarta :</subfield>
      <subfield code="b">Pusbangkom Pimnas dan Manajerial ASN. ;</subfield>
      <subfield code="c">2024</subfield>
    </datafield>
    <controlfield tag="001">$a INLIS000000000020890</controlfield>
    <datafield tag="245" ind1="#" ind2="#">
      <subfield code="a">Akselerasi Penurunan Stunting 1000 Hari Pertama Kehidupan dan Calon Pengantin di Kabupaten Halmahera Tengah</subfield>
      <subfield code="b"/>
      <subfield code="c">Mohd. Taher Mujuddin</subfield>
    </datafield>
    <datafield tag="100" ind1=" " ind2="#">
      <subfield code="a">Mohd. Taher Mujuddin</subfield>
    </datafield>
    <datafield tag="084" ind1="#" ind2="#">
      <subfield code="a">R 0160 PKN II 2024</subfield>
    </datafield>
    <datafield tag="082" ind1="#" ind2="#">
      <subfield code="a"/>
    </datafield>
    <datafield tag="035" ind1="#" ind2="#">
      <subfield code="a">0010-0426000047</subfield>
    </datafield>
    <datafield tag="020" ind1="#" ind2="#">
      <subfield code="a"/>
    </datafield>
    <controlfield tag="008">$a 260428################g##########0#ind##</controlfield>
    <controlfield tag="005">$a 20260428152217</controlfield>
  </record>
</collection>
